000 00817nam a22001337a 4500
999 _c529092
_d529092
008 250220b ||||| |||| 00| 0 eng d
100 _aParmaar, Sakkcham Singh mes
_950766
245 _aComparing the impact of the ICC and ICJ: Assessing accountability for international cri
260 _aWorld Affairs: The Journal of International Issues
300 _a 28(4), Oct-Dec, 2024: p.10-25
520 _aThis paper instigates and evaluations the roles of the international criminal courts (ICC), and the international court of justice (ICJ) as instruments in the fight against crime. The ICC, founded in 1998, deals with individuals who commit serious international crimes for which they should be held accountable. – Reproduced
773 _aWorld Affairs: The Journal of International Issues
942 _cAR